Beijing City Quiz - Statistics

General Stats
  • This quiz has been taken 39 times
  • The average score is 11 of 20
Answer Stats
Hint Answer % Correct
Province that Beijing borders Hebei
91%
Famous square south of this palace Tian’anmen Square
89%
Municipality that Beijing borders Tianjin
89%
Palace of the Ming and Qing Dynasties in central Beijing Forbidden City
83%
A series of fortifications first built during the Qin Dynasty Great Wall
80%
What “Beijing” means Northern Capital
71%
Imperial garden and summer resort of the Qing Dynasty Summer Palace
71%
Old version of the above, destroyed by invaders in 1860 Yuanmingyuan Park
63%
Site of the most visited part of this fortification Badaling
57%
Oldest Bridge in Beijing; site of an incident of Japanese invasion Lugou Bridge
57%
Stadium where the 2008 and 2022 Olympics were held Bird’s Nest
54%
Imperial sacrificial altar of the Ming and Qing Dynasties Temple of Heaven
54%
Government building located west of this square Great Hall of the People
51%
Longest canal in the world; it starts in Beijing Grand Canal
46%
Beijing is famous for this delicacy (hint: an animal) Peking Roasted Duck
46%
Nickname of the National Aquatics Center during the Olympics Water Cube / Ice Cube
40%
Collection of mausoleums built by emperors of the Ming Dynasty Ming Tombs
31%
National monument of China located on this square Monument to the People’s Heroes
31%
Large park consisting of hills and forests in northwest Beijing Xiangshan Park
26%
Large mansion of Qing officials in Beijing Prince Gong’s Mansion
17%
No matching quizzes found
Score Distribution
Percent of People with Each Score
Percentile by Number Answered
Your Score History
You have not taken this quiz